Paušálna daň platná od 1. januára 2001

Zákonom č. 385/2000 Z.z., ktorý novelizoval zákon č. 366/1999 Z.z. o daniach z príjmov nastali zmeny v zdaňovaní paušálnou daňou. Podstatné zmeny v zdaňovaní paušálnou daňou v roku 2001.

Guardado en:
Detalles Bibliográficos
Autor principal: Pauličková, Alena
Formato: Capítulo de libro
Lenguaje:eslovaco
Materias:
Etiquetas: Agregar Etiqueta
Sin Etiquetas, Sea el primero en etiquetar este registro!

MARC

LEADER 00000naa a2200000 4500
001 r040539
005 20230720103009.9
041 0 |a slo 
044 |a SK 
245 1 0 |a Paušálna daň platná od 1. januára 2001  |c Alena Pauličková 
520 |a Zákonom č. 385/2000 Z.z., ktorý novelizoval zákon č. 366/1999 Z.z. o daniach z príjmov nastali zmeny v zdaňovaní paušálnou daňou. Podstatné zmeny v zdaňovaní paušálnou daňou v roku 2001. 
610 2 0 |a dane z príjmov 
610 2 0 |a dane paušálne 
610 2 0 |a novelizácia 
610 2 0 |a zákony 
610 2 0 |a zdaňovanie 
610 2 0 |a daňovníci 
610 2 0 |a Slovensko 
100 1 |a Pauličková, Alena